Wikipedia Articles by mentions of 'Human Rights' - Statistics

General Stats
  • This quiz has been taken 43 times
  • The average score is 26 of 40
Answer Stats
# Country % Correct
18 Iran
94%
42 North Korea
91%
14 Israel
85%
54 Saudi Arabia
85%
23 Egypt
82%
16 Yemen
82%
17 South Sudan
79%
35 United Arab Emirates
79%
19 Venezuela
79%
20 Oman
76%
14 Qatar
76%
21 Turkey
76%
19 Cambodia
74%
27 Kuwait
74%
15 Libya
74%
42 Bahrain
71%
25 Cuba
71%
41 Eritrea
71%
19 Chad
68%
29 Laos
68%
43 Myanmar
68%
19 Turkmenistan
68%
17 Uganda
68%
16 Belarus
65%
20 Ethiopia
65%
33 Kazakhstan
65%
19 Rwanda
65%
22 Uzbekistan
65%
19 Burundi
62%
15 Bangladesh
59%
23 Sri Lanka
59%
21 Zimbabwe
56%
25 Bhutan
53%
18 Mauritania
53%
20 Angola
50%
28 Azerbaijan
47%
16 Equatorial Guinea
38%
16 Cyprus
32%
15 Maldives
29%
14 Denmark
15%
No matching quizzes found
Score Distribution
Percent of People with Each Score
Percentile by Number Answered
Your Score History
You have not taken this quiz